[Event "XXIII Torneo Magistral Internacional de "]
[Site "Elgoibar "]
[Date "2013.12.18"]
[Round "6"]
[White "Franco Alonso, Alejandro"]
[Black "Ringoir, Tanguy"]
[Result "0-1"]
[WhiteElo "2485"]
[BlackElo "2506"]
[PlyCount "99"]
[EventDate "2013.12.11"]
[EventRounds "9"]
[EventCountry "ESP"]

1. d4 d5 2. c4 c6 3. cxd5 cxd5 4. Nc3 Nf6 5. Bf4 Nc6 6. e3 a6 7. Bd3 Bg4 8.
Nge2 e6 9. O-O Be7 10. Rc1 O-O 11. Na4 Re8 12. Qb3 Na5 13. Qb6 Nd7 14. Qxd8
Bxd8 15. Ng3 e5 16. dxe5 g5 17. Nf5 gxf4 18. Nh6+ Kg7 19. Nxg4 h5 20. Nf6 Nxf6
21. exf6+ Bxf6 22. exf4 b5 23. Nc3 Rad8 24. Nd1 Nc4 25. Rc2 d4 26. g3 Nb6 27.
Kg2 Rc8 28. Rxc8 Rxc8 29. h3 Na4 30. g4 hxg4 31. hxg4 Rc1 32. g5 Bd8 33. Kf3
Nc5 34. Ke2 Ne6 35. Kd2 Ra1 36. a3 Nxf4 37. Kc2 Bxg5 38. Ne3 Rxf1 39. Nxf1 Kf6
40. Be4 Ke5 41. Bb7 a5 42. Nh2 Kd6 43. Nf3 Bf6 44. b3 Kc5 45. Ne1 Kb6 46. Bf3
Be7 47. a4 Bh4 48. Nd3 Nxd3 49. Kxd3 bxa4 50. bxa4 {(Ilegible)} 0-1